«Манчестер Сити» - Армагеддон - Statistics

General Stats
  • This quiz has been taken 11 times
  • The average score is 23 of 50
Answers on the Grid
Answers color-coded by a green-red scale on the quiz's grid according to % correct below.
Месут Озиль
Серхио Агуэро
Кевин Де Брёйне
Марсель Забитцер
Йошко Гвардиол
Давид Алаба
Марко Арнаутович
Жереми Тулалан
Эрлинг Холанн
Марко Верратти
Эдин Джеко
Джеймс Милнер
Фил Фоден
Венсан Компани
Димитр Бербатов
Жуан Канселу
Эден Азар
Раул Мейрелиш
Фернандиньо
Джо Харт
Патрис Эвра
Самир Насри
Габриэл Жезус
Робин ван Перси
Гарет Бейл
Николас Отаменди
Йоанн Гуркюфф
Тони Кроос
Кайл Уокер
Николя Анелька
Джибриль Сиссе
Шон Райт-Филлипс
Хулиан Альварес
Гаэль Клиши
Кристофер Нкунку
Мануэль Аканджи
Рахим Стерлинг
Мануэль Нойер
Матео Ковачич
Роберт Левандовский
Хави Гарсия
Андреа Раноккья
Маркиньос
Александар Коларов
Марек Гамшик
Джои Бартон
Клаудио Маркизио
Рубен Диаш
Антонио Ди Натале
Давид Луис
Жереми Доку
Анхель Ди Мария
Матс Хуммельс
Пабло Сабалета
Диего Годин
Лерой Зане
Филипе Коутиньо
Тиагу Мотта
Эмерик Ляпорт
Коло Туре
Мохаммед Салах
Робиньо
Натан Аке
Блез Матюиди
Михаэль Баллак
Винисиус Жуниор
Эдерсон
Илкай Гюндоган
Арьен Роббен
Яя Туре
Марко Ройс
Александр Зинченко
Графите
Лука Модрич
Бернарду Силва
Сейду Думбия
Бернд Лено
Алекс Ивоби
Давид Сильва
Мартин Демичелис
Джейми Варди
Н’Голо Канте
Марио Балотелли
Гари Линекер
Джон Стоунз
Родри
Майка Ричардс
Джек Грилиш
Рио Фердинанд
Милош Керкез
Джонатан Вудгейт
Карлос Тевес
Бенжамен Менди
Марк Видука
Рияд Махрез
Харри Кьюэлл
Джолеон Лескотт
Хесус Навас
Уэйн Руни
 
Answer Stats
Answer % Correct
Фил Фоден
75%
Эмерик Ляпорт
75%
Александр Зинченко
75%
Джек Грилиш
75%
Серхио Агуэро
63%
Кевин Де Брёйне
63%
Габриэл Жезус
63%
Рубен Диаш
63%
Жереми Доку
63%
Илкай Гюндоган
63%
Давид Сильва
63%
Марио Балотелли
63%
Джон Стоунз
63%
Родри
63%
Карлос Тевес
63%
Рияд Махрез
63%
Йошко Гвардиол
50%
Венсан Компани
50%
Жуан Канселу
50%
Фернандиньо
50%
Джо Харт
50%
Николас Отаменди
50%
Кайл Уокер
50%
Хулиан Альварес
50%
Мануэль Аканджи
50%
Рахим Стерлинг
50%
Лерой Зане
50%
Натан Аке
50%
Эдерсон
50%
Эрлинг Холанн
38%
Эдин Джеко
38%
Гаэль Клиши
38%
Матео Ковачич
38%
Пабло Сабалета
38%
Коло Туре
38%
Яя Туре
38%
Бернарду Силва
38%
Бенжамен Менди
38%
Джеймс Милнер
25%
Самир Насри
25%
Николя Анелька
25%
Александар Коларов
25%
Робиньо
25%
Мартин Демичелис
25%
Майка Ричардс
25%
Хесус Навас
25%
Джои Бартон
13%
Джолеон Лескотт
13%
Шон Райт-Филлипс
0%
Хави Гарсия
0%
No matching quizzes found
Score Distribution
Percent of People with Each Score
Percentile by Number Answered
Your Score History
You have not taken this quiz